Airlines at LAX (Los Angeles) - Statistics

General Stats
  • This quiz has been taken 295 times
  • The average score is 35 of 72
Answer Stats
Answer % Correct
American
93%
Delta
92%
United
92%
british
85%
Alaska
83%
Aeromexico
82%
Air canada
82%
Air china
82%
ANA
82%
Southwest
82%
JAL
81%
Emirates
78%
Lufthansa
78%
Air france
76%
KLM
75%
Spirit
75%
Korean
74%
LATAM
73%
Qantas
73%
Hawaiian
69%
Jetblue
69%
Qatar
68%
Iberia
66%
Singapore
65%
Aer lingus
63%
China Southern
63%
Asiana
62%
Avianca
61%
West Jet
61%
China Eastern
60%
Virgin Atlantic
59%
Air New Zealand
58%
SAS
56%
China air
55%
LOT
54%
Swiss
54%
Cathay Pacific
51%
EVA
51%
ITA
51%
Turkish air
48%
Copa
47%
EL AL
46%
Finnair
45%
Volaris
45%
Allegiant
44%
Austrian
36%
Viva
35%
Air Tahiti Nui
34%
Saudia
33%
Sun Country
32%
Fiji
31%
Hainan
31%
Philippine Airlines
27%
Xiamen
27%
American Eagle
24%
Delta connection
22%
United express
20%
Breeze
19%
Norse
19%
ZIP air
19%
Condor
16%
French Bee
16%
Air transat
15%
Flair
14%
Level
12%
Air premia
11%
Sichuan Air
10%
Cayman Air
9%
Lynx Air
5%
Horizon
4%
Southern Airways
4%
Advanced air
3%
No matching quizzes found
Score Distribution
Percent of People with Each Score
Percentile by Number Answered
Your Score History
You have not taken this quiz